Представление документа в формате RUSMARC

ПолеНазваниеЗначение
  Тип записи a
  Библиографический уровень m
001 Контрольный номер RU/SLIB/B/208784441
005 Дата корректировки 20201206204356.1
010 Индекс ISBN __
a ISBN 985-470-119-0
d Цена 90-00
101 Язык документа __
a Язык текста rus
c Язык оригинала rus
200 Заглавие и сведения об ответственности 1_
a Заглавие Этика
e Сведения, относящиеся к заглавию практикум : пособие для студентов вузов
f Первые сведения об ответственности Т. В. Мишаткина
b Общее обозначение материала Текст
210 Выходные данные __
a Место издания Минск
c Издательство ТетраСистемс
d Дата издания 2003
215 Физическое описание __
a Объем 320 с.
320 Библиография __
a Библиография Слов. терминов: с. 298-300.- Лит.: с. 301-313
330 Аннотация __
a Аннотация Основные положения курса этики.
606 Тематические рубрики __
a Основная рубрика Общие вопросы этики
a Основная рубрика Социальная этика
a Основная рубрика Этика
610 Ключевые слова __
a Ключевые слова этические теории; этические нормы; история этики; мораль; история морали; теория морали; нормативная этика; свобода; ответственность; добро; зло; страдание; сострадание; долг; совесть; честь; достоинство; смысл жизни; счастье; любовь; прикладная этика; человек; общество; экологическая этика; природа; межличностное общение; культура общения; интимные отношения; секс; эротика; деловое общение; семейные отношения; профессиональная этика; врачебная этика; медицинская этика; юридическая этика; тесты; игры; тренинги; деловые игры; ролевые игры; ситуативные игры; психотренинги; аутотренинги; этикет; правила этикета; этикет общения; этикет виртуального общения; виртуальное общение
686 Индексы других классификаций __
a Классификационный индекс 87.7я73
700 Автор _1
a Фамилия Мишаткина
b Имя Т. В.
g Полное личное имя Татьяна Викторовна
4 Код отношения 070
801 Источник записи _0
a Страна RU
b Организация Муниципальное бюджетное учреждение культуры "Централизованная библиотечная система" г. Сургут (Центральная городская библиотека им. А. С. Пушкина)
g Правила каталогизации КиК/Поспелова
801 Источник записи _1
a Страна RU
b Организация Муниципальное бюджетное учреждение культуры "Централизованная библиотечная система" г. Сургут (Центральная городская библиотека им. А. С. Пушкина)
g Правила каталогизации КиК/Поспелова
852 Данные о местонахождении __
j Шифр хранения 87.7я73
c Каталожный индекс 87.7я73
i Авторский знак М 71
901 Тип документа __
t Тип документа m
903 Характеристики (МАРС) __
a Дата передачи 20060228
969 Тип издания __
a Тип издания пособие; практическое пособие; практикум
990 Данные о заказе (DOS) __
j Количество экземпляров (DOS) 4
t N записи в КСУ для И/У (DOS) 200603